000
00320nam a22001457a 4500
003
SGT
020
_a
9788119613816
082
_a
614.1
_b
RED
100
_a
REDDY, Dr .N.S
245
_a
FORENSIC MEDICINE & TOXICOLOGY QUIZ BOOK
260
_a
INDIA
_b
IP PUB
_c
2024
300
_a
139
650
_a
SCIENCE
942
_2
ddc
_c
BK
999
_c
33263
_d
33263